| 000 | 00511nam a22001577a 4500 | ||
|---|---|---|---|
| 008 | 151002b xxu||||| |||| 00| 0 eng d | ||
| 020 | _a0321150597 | ||
| 050 | _aHB 171.5 .M55 2004 | ||
| 100 |
_aMiller, Roger LeRoy _d2004. |
||
| 245 |
_aEconomics Today: _bThe Micro View/ _c Roger LeRoy Miller.- |
||
| 250 | _a12th ed.: | ||
| 260 |
_aBoston; _bPearson, Addison-Wesley, _c2004. |
||
| 300 |
_axxx, 817p[48]:ill. _bincludes index, |
||
| 760 | _b12th ed. | ||
| 942 |
_2lcc _cBOOKS _hHB 171.5 .M55 2004 |
||
| 999 |
_c7098 _d7098 |
||